Resumen de la estadística hidrológica hasta 1962. /

Guardado en:
Autor Corporativo: Agua y Energía Eléctrica.
Formato: Libro
Idioma:Spanish
Publicado: Buenos Aires : AyE, 1966.
Etiquetas: Agregar Etiqueta
Sin Etiquetas, Sea el primero en etiquetar este registro!
LEADER 00478nam a22001335a 4500
001 EEA.libagro000021
008 130809s1966####ag#a##########000#0#spa#d
005 20211001104607.0
245 1 0 |a Resumen de la estadística hidrológica hasta 1962. /  |c Secretaría de Estado de Energía y Minería. 
260 |a Buenos Aires :  |b AyE,  |c 1966. 
300 |a 318 p. :  |b il. ;  |c 29 cm. 
710 2 |a Agua y Energía Eléctrica. 
082 0 4 |a 551.48021 
859 |a AR-BbBCA  |b BIB. AGRONOMIA  |h 551.48021  |i A282  |p 1967/0462